书目信息 |
| 题名: |
金属工艺学
|
|
| 作者: | 张至丰 主编 | |
| 分册: | 机械工程材料 | |
| 出版信息: | 北京 机械工业出版社 1999 |
|
| 页数: | 221页 | |
| 开本: | 26cm | |
| 丛书名: | ||
| 单 册: | ||
| 中图分类: | TG-43 | |
| 科图分类: | ||
| 主题词: | 金属加工--工艺学--专业学校--教材 , 机械制造材料--专业学校--教材 | |
| 电子资源: | ||
| ISBN: | 978-7-111-01795-0 | |
| 000 | 00705nam0 2200241 450 | |
| 001 | 0100757610 | |
| 005 | 20110530105043.0 | |
| 010 | @a978-7-111-01795-0@dCNY19.00 | |
| 100 | @a20021005d1999 em y0chiy0110 ea | |
| 101 | 0 | @achi |
| 102 | @aCN@b110000 | |
| 105 | @ay z 000yy | |
| 106 | @ar | |
| 200 | 1 | @a金属工艺学@9Jin Shu;Zhu Gong Yi Xue @i机械工程材料@f张至丰主编@b专著 |
| 210 | @a北京@c机械工业出版社@d1999 | |
| 215 | @a221页@d26cm | |
| 300 | @a中等专业学校教材 | |
| 606 | 0 | @a金属加工@x工艺学@x专业学校@x教材 |
| 606 | 0 | @a机械制造材料@x专业学校@x教材 |
| 690 | @aTG-43@v3 | |
| 701 | 0 | @a张至丰@9zhang zhi feng@4主编 |
| 801 | 0 | @aCN@bAiZhiMarc@c19991217 |
| 905 | @aBZT@dTG-43@e3@f2@sTG-43/3 | |
| 金属工艺学.机械工程材料/张至丰主编.-北京:机械工业出版社,1999 |
| 221页;26cm |
| 中等专业学校教材 |
| ISBN 978-7-111-01795-0:CNY19.00 |
| ● |
| 相关链接 |
|
|
|
正题名:金属工艺学
索取号:TG-43/3
 
预约/预借
| 序号 | 登录号 | 条形码 | 馆藏地/架位号 | 状态 | 备注 |
| 1 | 2000134556 | 2000134556 | 旧书回溯/ [索取号:TG-43/3] | 在馆 | |
| 2 | 2000134557 | 2000134557 | 旧书回溯/ [索取号:TG-43/3] | 在馆 |